Principios de economía política y de tributación. /
Guardado en:
| Autor Principal: | |
|---|---|
| Formato: | Libro |
| Idioma: | Spanish |
| Publicado: |
Madrid :
Aguilar,
s.f.
|
| Etiquetas: |
Agregar Etiqueta
Sin Etiquetas, Sea el primero en etiquetar este registro!
|
| LEADER | 00433nam a22001455a 4500 | ||
|---|---|---|---|
| 001 | EUN.um009607 | ||
| 003 | AR-BaUNS | ||
| 005 | 20050623122854.0 | ||
| 008 | 041125ss.f.####sp############000#0#spa#d | ||
| 245 | 1 | 0 | |a Principios de economía política y de tributación. / |c David Ricardo. |
| 260 | |a Madrid : |b Aguilar, |c s.f. | ||
| 300 | |a 407 p. | ||
| 100 | 1 | |a Ricardo, David. | |
| 082 | 0 | 4 | |a 330.01 |
| 859 | |a Ar-BaUNS |b BIB. CENTRAL - Sector A |h 330.01 |i R358 |p 503/949 | ||
